000 00261nam a2200109 a 4500
005 20200929162718.0
008 091105s1981 000 spa d
020 _a8484000419
245 3 _aEl palo ensebado.
260 _aSanto Domingo,
_c1981.
999 _c11800
_d11800
040 _aDO-SdBNP